01208nam a2200265 a 450000100100000000500170001000800410002704000250006808200240009311000320011724000250014924501390017424600340031324600590034726000260040630000200043259000260045265000620047865000550054065000430059571101280063891000370076695201220080399900170092500004383720201002045010.0140506s1998 dr 000 0 spa d aDO-SdBNPbspacBNPHU a346.72930135bR426c1 aRepública Dominicana944710a[Código del menor]10aLey 14-94 :bcódigo para la protección de niños, niñas y adolescentes ; Convención Internacional de los Derechos del Niño.23aCódigo del menor Ley 14-94.23aConvención Internacional de los Derechos del Niño. aSanto Domingo,c1998. a96 p. ;c29 cm. aInventariado, 2018/LP 4aNiñosxSituación legalzRepública Dominicana964438 4aDerechos del niñozRepública Dominicana949526 4aMenoreszRepública Dominicana9164682 aConvención los niños, niñas y adolescentes son sujetos plenos de derechos (Ley 14-94)d(1991 :cSanto Domingo)971702 aValidado. Control de calidad EMS 0010718PDaPDbPDcHDd2014-05-06iLF1l0o346.72930135 R426cp43837-10r2020-06-25w2020-06-25yLFPDZNo se presta c43326d43326